[Event "ROM-chT Rapid"]
[Site "Sebes"]
[Date "2023.12.02"]
[Round "8.21"]
[White "Stegaroiu, Marcel Florian"]
[Black "Raditoiu, Laurentiu"]
[Result "1-0"]
[WhiteElo "1849"]
[BlackElo "1394"]
[PlyCount "73"]
[EventDate "2023.12.02"]
[EventType "team-swiss (rapid)"]
[EventRounds "8"]
[EventCountry "ROU"]
[SourceTitle "CBM 217 Extra"]
[Source "ChessBase"]
[SourceDate "2024.01.31"]
[SourceVersion "1"]
[SourceVersionDate "2024.01.31"]
[SourceQuality "1"]
[WhiteTeam "Craiova"]
[BlackTeam "Cugir Metalurgistul II"]
[WhiteTeamCountry "ROU"]
[BlackTeamCountry "ROU"]

1. e4 d5 2. exd5 c6 3. dxc6 e5 4. cxb7 Bxb7 5. Nc3 Nc6 6. d3 f5 7. Nf3 Nf6 8. Be2 a6 9. 0-0 Bd6 10. h3 h6 11. Nh4 f4 12. Bh5+ Kd7 13. Bf3 Kc7 14. Ng6 Re8 15. Ne2 Rc8 16. c3 Kb8 17. b4 Qd7 18. Be4 Rcd8 19. Qb3 Nxe4 20. dxe4 Re6 21. Nh4 g5 22. Nf5 Bf8 23. Bb2 Qc8 24. Rfd1 Rg6 25. Rxd8 Nxd8 26. f3 h5 27. c4 g4 28. Bxe5+ Ka8 29. Nxf4 Rg5 30. h4 Rxf5 31. exf5 Qxf5 32. Bc7 Nc6 33. Re1 Bxb4 34. Re8+ Ka7 35. Nd5 Bc5+ 36. Kf1 gxf3 37. Qb6+ 1-0

[Event "ROM-ch Amateurs"]
[Site "Sebes"]
[Date "2023.02.21"]
[Round "1"]
[White "Iustin, Silviu"]
[Black "Raditoiu, Laurentiu"]
[Result "1-0"]
[WhiteElo "2085"]
[BlackElo "1361"]
[PlyCount "89"]
[EventDate "2023.02.21"]
[EventType "swiss"]
[EventRounds "9"]
[EventCountry "ROU"]
[SourceTitle "CBM 213 Extra"]
[Source "ChessBase"]
[SourceDate "2023.05.31"]
[SourceVersion "1"]
[SourceVersionDate "2023.05.31"]
[SourceQuality "1"]

1. e4 b6 2. d4 g6 3. Nc3 Bg7 4. f4 Bb7 5. Nf3 e6 6. Bd3 d6 7. 0-0 Ne7 8. f5 e5 9. dxe5 dxe5 10. Bg5 f6 11. Be3 Nd7 12. Nh4 c6 13. Qg4 Nf8 14. fxg6 Qd7 15. Qxd7+ Nxd7 16. gxh7 Rxh7 17. Nf5 Nxf5 18. Rxf5 0-0-0 19. Bc4 Nf8 20. a4 Kb8 21. Rd1 Rxd1+ 22. Nxd1 Bc8 23. Rf2 Kb7 24. h3 Be6 25. Bxe6 Nxe6 26. Kh2 c5 27. g4 Kc6 28. Nc3 Bh6 29. Rxf6 Bxe3 30. Rxe6+ Kd7 31. Rf6 Bd4 32. Nd5 Bxb2 33. Kg3 Bc1 34. h4 Bd2 35. Rf2 Bf4+ 36. Nxf4 exf4+ 37. Rxf4 a6 38. g5 b5 39. axb5 axb5 40. g6 Re7 41. h5 c4 42. h6 b4 43. g7 b3 44. cxb3 cxb3 45. g8Q 1-0